The process of management : Strategy, action, results

Bibliographic Details
Main Authors: Newman, William H. (Author), Schnee, Jerome E. (Author), Warren, E. Kerby (Author)
Format: Book
Language:English
Published: Englewood Cliffs, N.J. : Prentice Hall 1982
Edition:Sixth edition
Subjects:

MARC

LEADER 00000cam a2200000 7i4500
001 0000005641
005 20240930.0
008 240429 njua eng
020 |a 0137234457 (hardback) 
040 |a INS   |b eng   |e rda 
090 0 0 |a RHD31   |b .N484 1982 
100 1 |a Newman, William H. ,   |e author 
245 1 4 |a The process of management :   |b Strategy, action, results   |c William H. Newman, E. Kerby Warren, Jarome E. Schnee 
250 |a Sixth edition 
264 1 |a Englewood Cliffs, N.J. :   |b Prentice Hall   |c 1982 
300 |a xv, 578 pages :   |b illustrations ;   |c 25 cm. 
336 |a text  |2 rdacontent 
337 |a unmediated  |2 rdamedia 
338 |a volume  |2 rdacarrier 
500 |a Includes index 
650 0 |a Industrial management 
700 1 |a Schnee, Jerome E. ,   |e author 
700 1 |a Warren, E. Kerby ,   |e author 
999 |a 0000000184   |b BOOK   |c Red Spot   |e Default branch